000 00755nam a22002657a 4500
001 7156
003 FISKH
005 20250630111026.0
008 250630b cb ||||| |||| 00| 0 eng d
020 _a9780152003173
040 _aFISKH
_beng
_cFISKH
_dFISKH
050 _aPZ7.R71992 B
082 _a860
100 _aRoss, Tony
245 _aBedtime:
_bLittle princess board books /
_cTony Ross
250 _aFirst U.S edition by Red Wagon Books 1995
260 _aNew York :
_bRed Wagon Books,
_c1994
300 _a14 unnumbered pages :
_bcolor illustrations ;
_c17 cm
505 _aA
521 8 _a70
_bLexile estimate
521 8 _aA
_bRaz-Plus
650 _aBedtime
_vBoard Book
_xChildren's
942 _2ddc
_cBK
_n0
999 _c7156
_d7156